La familia como célula social (Record no. 167426)
[ view plain ]
| 000 -LEADER | |
|---|---|
| campo de control de longitud fija | 00948nam a2200193 i 4500 |
| 001 - NÚMERO DE CONTROL | |
| campo de control | 167426 |
| 003 - IDENTIFICADOR DE NÚMERO DE CONTROL | |
| campo de control | ES-MaACL |
| 005 - FECHA Y HORA DE LA ÚLTIMA TRANSACCIÓN | |
| campo de control | 20250622053048.0 |
| 008 - DATOS DE LONGITUD FIJA--INFORMACIÓN GENERAL | |
| campo de control de longitud fija | 990311s1885 sp |||| | spa d |
| 100 1# - ENTRADA PRINCIPAL--NOMBRE DE PERSONA | |
| Nombre de persona | Vida Vilches, Jerónimo, |
| Fechas asociadas al nombre | 1858-1915 |
| 9 (RLIN) | 114411 |
| 245 13 - MENCIÓN DEL TÍTULO | |
| Título | La familia como célula social |
| Resto del título | : memoria leída en el Ateneo de Madrid / |
| Mención de responsabilidad, etc. | por Jerónimo Vida, secretario primero de la Sección de Ciencias Morales y Políticas. |
| 260 ## - PUBLICACIÓN, DISTRIBUCIÓN, ETC. | |
| Lugar de publicación, distribución, etc. | Madrid : |
| Nombre del editor, distribuidor, etc. | [s.n.], |
| Fecha de publicación, distribución, etc. | 1885 ( |
| Fabricante | Est. Tip. de El Correo, a cargo de F. Fernández) |
| 300 ## - DESCRIPCIÓN FÍSICA | |
| Extensión | 40 p. ; |
| Dimensiones | 25 cm. |
| 610 24 - PUNTO DE ACCESO ADICIONAL DE MATERIA--NOMBRE DE ENTIDAD CORPORATIVA | |
| Nombre de entidad corporativa o nombre de jurisdicción como elemento de entrada | Ateneo de Madrid. |
| Unidad subordinada | Sección de Ciencias Morales y Políticas- |
| Subdivisión de forma | Memorias. |
| 9 (RLIN) | 1986 |
| 650 #4 - PUNTO DE ACCESO ADICIONAL DE MATERIA--TÉRMINO DE MATERIA | |
| Término de materia o nombre geográfico como elemento de entrada | Familias. |
| 9 (RLIN) | 153905 |
| 710 2# - ENTRADA AGREGADA--NOMBRE DE ENTIDAD CORPORATIVA | |
| Nombre de entidad corporativa o nombre de jurisdicción como elemento de entrada | Ateneo de Madrid. |
| Unidad subordinada | Sección de Ciencias Morales y Políticas |
| 9 (RLIN) | 1985 |
| 852 ## - LOCALIZACIÓN | |
| Ubicación | ES-MaACL |
| Número de control de estantería | T-439-F-5 |
| Nota libre | - Enc. hol., falto de la enc. original |
| -- | - Enc. en un vol. facticio |
| -- | . - Dedicatoria autógrafa del autor |
| Estatus retirado | Estado de pérdida | Estado de daño | No para préstamo | Colección | Biblioteca de origen | Biblioteca actual | Ubicación en estantería | Fecha de adquisición | Total de préstamos | Signatura topográfica completa | Código de barras | Visto por última vez | Precio de reemplazo | Tipo de ítem Koha |
|---|---|---|---|---|---|---|---|---|---|---|---|---|---|---|
| Colección de folletos | Biblioteca del Ateneo de Madrid | Biblioteca del Ateneo de Madrid | Depósito folletos | 17/01/2008 | T-439-F-5 | 1175638 | 23/02/2023 | 23/02/2023 | Folleto |
